000 00282nam a22001217a 4500
003 SGT
020 _a97815-43344-44-8
100 _aUSMAN, RAGEEB
245 _aA TEXT BOOK OF INDIAN SYSTEMS OF MEDICINE
260 _aS, VIKASH
_bPUNJAB
_c2020
650 _a MEDICINE
942 _2ddc
_cBK
999 _c24738
_d24738